[Event "54th Biel Master Open"]
[Site "Biel SUI"]
[Date "2021.07.26"]
[Round "1.2"]
[White "Papadiamandis, Elliot"]
[Black "Eljanov, Pavel"]
[Result "0-1"]
[WhiteTitle "FM"]
[BlackTitle "GM"]
[WhiteElo "2363"]
[BlackElo "2671"]
[WhiteFideId "36074160"]
[BlackFideId "14102951"]
[EventDate "2021.07.26"]

1. e4 c6 2. d4 d5 3. Nc3 dxe4 4. Nxe4 Nf6 5. Nxf6+ exf6 6. c3 Bd6 7. Bd3 Na6 8.
Ne2 Nc7 9. O-O h5 10. Re1 h4 11. h3 Rf8 12. c4 Ne6 13. Be3 Bc7 14. Bc2 Qd6 15.
f4 g5 16. Rf1 Rg8 17. d5 cxd5 18. Qxd5 gxf4 19. Nxf4 Nxf4 20. Bxf4 Qxd5 21. cxd5
Bxh3 22. Be4 0-1

[Event "54th Biel Master Open"]
[Site "Biel SUI"]
[Date "2021.07.26"]
[Round "1.9"]
[White "Narayanan, S.L."]
[Black "Kamber, Bruno"]
[Result "1-0"]
[WhiteTitle "GM"]
[BlackTitle "FM"]
[WhiteElo "2624"]
[BlackElo "2275"]
[WhiteFideId "5058422"]
[BlackFideId "1300504"]
[EventDate "2021.07.26"]

1. d4 Nf6 2. c4 e6 3. Nf3 d5 4. g3 Bb4+ 5. Bd2 Be7 6. Bg2 O-O 7. O-O c6 8. Qc2
Nbd7 9. Rc1 b6 10. cxd5 cxd5 11. Bf4 Bb7 12. Bc7 Qe8 13. Nc3 Rc8 14. Nb5 Nc5 15.
a4 a6 16. dxc5 Bxc5 17. Nd6 Bxd6 18. Bxd6 Rxc2 19. Rxc2 Qd7 20. Bxf8 Kxf8 21. a5
bxa5 22. Rxa5 Qd6 23. Rac5 d4 24. Ne5 Bxg2 25. Kxg2 g5 26. h3 h5 27. Nf3 g4 28.
hxg4 hxg4 29. Ne5 Kg7 30. Nd3 Nd5 31. R2c4 e5 32. Rc6 Qb8 33. R4c5 Nb4 34. Nxb4
Qxb4 35. Rxe5 Qb7 36. Rg5+ Kf8 37. Rc5 Qxb2 38. Rc2 Qb5 39. R6c5 Qb3 40. Rd2 Qb4
41. Rcc2 Kg7 42. Rd3 Kf6 43. Ra2 Ke5 44. Rda3 f5 45. Rxa6 Qb7+ 46. Kh2 d3 47.
R2a5+ Kd4 48. Rd6+ Kc4 49. Rxd3 Qh7+ 50. Kg1 1-0

[Event "54th Biel Master Open"]
[Site "Biel SUI"]
[Date "2021.07.26"]
[Round "1.18"]
[White "Gueci, Tea"]
[Black "Dragnev, Valentin"]
[Result "0-1"]
[WhiteTitle "WIM"]
[BlackTitle "GM"]
[WhiteElo "2179"]
[BlackElo "2569"]
[WhiteFideId "872342"]
[BlackFideId "1634852"]
[EventDate "2021.07.26"]

1. e4 c5 2. Nf3 d6 3. Bb5+ Nd7 4. c3 Nf6 5. Qe2 a6 6. Ba4 b5 7. Bc2 Bb7 8. O-O
e6 9. d4 Be7 10. Re1 Qc7 11. Bd3 O-O 12. Nbd2 Rfe8 13. Nf1 e5 14. d5 c4 15. Bc2
a5 16. Bd2 Ba6 17. b4 cxb3 18. axb3 Reb8 19. Rec1 b4 20. Qe1 Qb6 21. cxb4 axb4
22. Ne3 g6 23. Ra4 Nc5 24. Rxb4 Bb5 25. Nc4 Qd8 26. Qe2 Qd7 27. Bd3 Nxd3 28.
Qxd3 Ne8 29. Qc2 Nc7 30. Nb6 Rxb6 31. Qxc7 Qxc7 32. Rxc7 Bd8 33. Rc1 Rbb8 34. h4
Ba5 35. h5 Bxb4 36. Bxb4 Ra6 37. hxg6 hxg6 38. Ng5 Bd3 39. Bd2 f6 40. Rc3 Bb1
41. Rc1 Bd3 42. Rc3 Ra1+ 43. Kh2 Bb1 44. Ne6 Bxe4 45. Nc7 Rd1 46. Re3 Rxd2 47.
Rxe4 Rxf2 0-1

[Event "54th Biel Master Open"]
[Site "Biel SUI"]
[Date "2021.07.27"]
[Round "2.3"]
[White "Sethuraman, S.P."]
[Black "Valsecchi, Alessio"]
[Result "0-1"]
[WhiteTitle "GM"]
[BlackTitle "GM"]
[WhiteElo "2644"]
[BlackElo "2527"]
[WhiteFideId "5021596"]
[BlackFideId "818860"]
[EventDate "2021.07.26"]

1. e4 e6 2. d4 d5 3. Nc3 Nf6 4. e5 Nfd7 5. Nce2 c5 6. c3 Nc6 7. Nf3 a5 8. h4 a4
9. a3 cxd4 10. cxd4 Nb6 11. Nc3 Bd7 12. Bd3 Na5 13. Rb1 h6 14. O-O Be7 15. h5
Nac4 16. Ne1 Qc7 17. Bc2 Ra6 18. Qg4 Kf8 19. Ne2 Nc8 20. f4 f5 21. exf6 Bxf6 22.
Nd3 e5 23. f5 exd4 24. Nb4 Qc5 25. Kh1 Ne7 26. Nf4 Ne5 27. Qh3 Rb6 28. Bd2 Rxb4
29. Bxb4 Qxc2 30. Nxd5 Qb3 31. Qxb3 axb3 32. Rbe1 Nc6 33. Nxe7 Nxe7 34. Rf4 Kf7
35. Rxd4 Bc6 36. Rd3 Nxf5 37. Rxb3 Rd8 38. Rf1 Nd4 39. Rg3 Rd5 40. Rh3 Rg5 41.
Rf2 Ke6 42. Bc3 Nf5 43. Bxf6 gxf6 44. Kg1 Ng3 45. Kh2 Ne4 46. Re2 f5 47. b4 Ke5
48. Rb2 f4 49. b5 Bd7 50. Rh4 Ng3 51. a4 Nf5 52. Rh3 Ne3 53. Rh4 Bf5 54. a5 Be4
55. a6 bxa6 56. bxa6 Bxg2 57. Rf2 Bd5 58. Rhxf4 Rxh5+ 59. Kg3 Nf5+ 60. Rxf5+
Rxf5 61. Re2+ Kf6 62. Re3 Rg5+ 63. Kh4 Rg2 64. Ra3 Rh2+ 65. Kg4 Ra2 66. Rg3 Be6+ 0-1

[Event "54th Biel Master Open"]
[Site "Biel SUI"]
[Date "2021.07.27"]
[Round "2.9"]
[White "Arjun, Kalyan"]
[Black "Praggnanandhaa, R"]
[Result "1/2-1/2"]
[WhiteTitle "IM"]
[BlackTitle "GM"]
[WhiteElo "2503"]
[BlackElo "2608"]
[WhiteFideId "35018701"]
[BlackFideId "25059530"]
[EventDate "2021.07.26"]

1. e4 c5 2. Nf3 Nc6 3. d4 cxd4 4. Nxd4 Nf6 5. Nc3 e5 6. Ndb5 d6 7. Bg5 a6 8. Na3
b5 9. Bxf6 gxf6 10. Nd5 f5 11. c3 Bg7 12. Bd3 Be6 13. Qh5 O-O 14. exf5 Bxd5 15.
f6 e4 16. fxg7 Re8 17. Be2 Ne5 18. O-O Qf6 19. Qh3 Ng6 20. Rfd1 b4 21. Nc2 Nf4
22. Qe3 bxc3 23. bxc3 Rac8 24. Nd4 Bc4 25. Bxc4 Rxc4 26. Ne2 Nxe2+ 27. Qxe2 Rxc3
28. Rab1 e3 29. fxe3 Rcxe3 30. Qxa6 Re2 31. Rf1 Qg6 32. Qc6 R8e4 33. Rb8+ Kxg7
34. Qc3+ Re5 35. Qf3 Rxa2 36. Rb7 Rf5 37. Qc3+ Rf6 38. g3 Rc2 39. Qd4 Rc5 40.
Rd7 Rf5 41. Rd1 Rf4 42. Qd5 R4f5 43. Qd4 Rf4 44. Qd5 Rf2 45. Rxd6 Qh6 46. h4 Qe3
47. Qg5+ Qxg5 48. hxg5 R6f3 49. R6d3 Kg6 50. Rxf3 Rxf3 51. Kg2 Rf5 52. Rd4 Kxg5
53. Rd8 Rf6 54. Rd5+ Rf5 55. Rd8 h5 56. Rg8+ Kf6 57. Kh3 Rg5 58. Rh8 Kg7 59. Ra8 1/2-1/2

[Event "54th Biel Master Open"]
[Site "Biel SUI"]
[Date "2021.07.27"]
[Round "2.10"]
[White "Karthikeyan, Murali"]
[Black "Raja, Harshit"]
[Result "1/2-1/2"]
[WhiteTitle "GM"]
[BlackTitle "IM"]
[WhiteElo "2606"]
[BlackElo "2484"]
[WhiteFideId "5074452"]
[BlackFideId "5089000"]
[EventDate "2021.07.26"]

1. d4 Nf6 2. c4 e6 3. Nc3 Bb4 4. e3 b6 5. Ne2 O-O 6. a3 Bxc3+ 7. Nxc3 Bb7 8. d5
b5 9. e4 d6 10. cxb5 exd5 11. exd5 Nbd7 12. Be2 Re8 13. Bg5 h6 14. Bxf6 Nxf6 15.
Qd2 Rb8 16. Rc1 Qd7 17. O-O Nxd5 18. Nxd5 Bxd5 19. Rfe1 Ba8 20. h3 d5 21. Qd4
Re4 22. Qxa7 Rbe8 23. b6 d4 24. bxc7 d3 25. Rcd1 Rxe2 26. Rxe2 dxe2 27. Rxd7
e1=Q+ 28. Kh2 Qe5+ 29. Kg1 Qe1+ 30. Kh2 Qe5+ 31. Kg1 Qg5 32. f3 Qc1+ 33. Kh2
Qf4+ 34. Kg1 Qc1+ 35. Kh2 Qf4+ 36. Kg1 1/2-1/2

[Event "54th Biel Master Open"]
[Site "Biel SUI"]
[Date "2021.07.27"]
[Round "2.17"]
[White "Seul, Georg"]
[Black "Donchenko, Alexander"]
[Result "1-0"]
[WhiteTitle "IM"]
[BlackTitle "GM"]
[WhiteElo "2372"]
[BlackElo "2652"]
[WhiteFideId "4601653"]
[BlackFideId "24603295"]
[EventDate "2021.07.26"]

1. e4 e5 2. Bc4 Nf6 3. d3 c6 4. Nf3 d5 5. Bb3 a5 6. a4 Bb4+ 7. c3 Bd6 8. exd5
cxd5 9. Bg5 Be6 10. Na3 Nc6 11. Nb5 Bb8 12. d4 e4 13. Nd2 h6 14. Bh4 Ne7 15.
Bxf6 gxf6 16. f3 f5 17. Qe2 Ng6 18. g3 Ra6 19. O-O-O O-O 20. Kb1 Rc6 21. f4 Qf6
22. Nf1 Kh7 23. Ne3 Ne7 24. Rdf1 Rg8 25. Rhg1 Rcc8 26. Ka1 Rcd8 27. Rc1 Rd7 28.
Rcf1 Rdd8 29. Rc1 Rg6 30. Qh5 Rg7 31. Qe2 Qg6 32. Rgd1 Nc6 33. Rd2 h5 34. Ng2
Qg4 35. Qf2 Ne7 36. Bd1 Qh3 37. Nh4 Ng6 38. Nxg6 Rxg6 39. Be2 h4 40. Rg1 Kg7 41.
Na3 hxg3 42. hxg3 Rg8 43. Bf1 Qh6 44. Rg2 Kf8 45. Re2 Qh5 46. Nc2 Qf3 47. Qe1
Rxg3 48. Rgf2 Qh5 49. c4 b6 50. cxd5 Bd7 51. Ne3 Qh6 52. Nc4 Bxf4 53. Ne5 Bxa4
54. d6 e3 55. d7 Ke7 56. Rh2 Qd6 57. Nc4 Qb4 58. Qf2 Qxc4 59. Qxf4 Qc1+ 60. Ka2
Qc4+ 61. Ka1 Kxd7 62. Re1 Qd5 63. Bh3 Rg1 64. Bxf5+ Kc6 65. Re2 Rxe1+ 66. Rxe1
Re8 67. Rc1+ Kb5 68. Bd3+ Kb4 69. Qc7 Bb3 70. Qxb6+ Ka4 71. Rc5 Qh1+ 72. Bb1 1-0

[Event "54th Biel Master Open"]
[Site "Biel SUI"]
[Date "2021.07.27"]
[Round "2.21"]
[White "Kantor, Gergely"]
[Black "Doluhanova, Evgeniya"]
[Result "1-0"]
[WhiteTitle "GM"]
[BlackTitle "WGM"]
[WhiteElo "2527"]
[BlackElo "2179"]
[WhiteFideId "751499"]
[BlackFideId "14112035"]
[EventDate "2021.07.26"]

1. d4 Nf6 2. c4 e6 3. g3 d5 4. Bg2 Bb4+ 5. Nd2 O-O 6. Nf3 b6 7. O-O Bb7 8. b3 c5
9. Bb2 cxd4 10. Nxd4 Nc6 11. Nxc6 Bxc6 12. a3 Bc5 13. b4 Be7 14. cxd5 Bxd5 15.
e4 Bc6 16. e5 Nd5 17. Ne4 Rc8 18. Qg4 Ba4 19. Nd6 Rc2 20. Bd4 Bxd6 21. exd6 Nf6
22. Qh4 Bc6 23. Bxf6 gxf6 24. Rad1 Bxg2 25. Kxg2 f5 26. Qh6 f6 27. d7 Rc7 28.
Qe3 e5 29. Qd3 Rf7 30. Qxf5 Rcxd7 31. Rc1 Kf8 32. b5 Rc7 33. Rfd1 Rcd7 34. Re1
Rc7 35. Rxc7 Qxc7 36. Rd1 Qc4 37. Rd8+ Kg7 38. h4 Qe2 39. h5 Qxb5 40. Qg4+ Kh6
41. Qe6 1-0

[Event "54th Biel Master Open"]
[Site "Biel SUI"]
[Date "2021.07.28"]
[Round "3.22"]
[White "Gschnitzer, Adrian"]
[Black "Schweizer, Simon"]
[Result "1-0"]
[WhiteTitle "IM"]
[WhiteElo "2420"]
[BlackElo "2142"]
[WhiteFideId "1270337"]
[BlackFideId "1325361"]
[EventDate "2021.07.26"]

1. d4 Nf6 2. c4 e6 3. Nc3 Bb4 4. f3 c5 5. d5 O-O 6. e4 d6 7. Ne2 a6 8. Nf4 e5 9.
Ne2 Nh5 10. Be3 f5 11. exf5 e4 12. f4 Bxf5 13. Ng3 Nxg3 14. hxg3 Bxc3+ 15. bxc3
Qf6 16. Rc1 Qg6 17. Kf2 Bg4 18. Be2 Bxe2 19. Qxe2 Nd7 20. Rb1 Ne5 21. Rh4 b5 22.
cxb5 axb5 23. Rxb5 Qe8 24. Rb7 Rf7 25. Rxf7 Qxf7 26. Kg1 Nd3 27. c4 Rb8 28. Qg4
g6 29. Kh2 Rb2 30. Qc8+ Kg7 31. f5 gxf5 32. Bh6+ Kg6 33. Qd8 Rxg2+ 34. Kxg2 Ne1+
35. Kf2 Nf3 36. Qxd6+ Qf6 37. Qxf6+ 1-0

[Event "54th Biel Master Open"]
[Site "Biel SUI"]
[Date "2021.07.29"]
[Round "4.16"]
[White "Dordzhieva, Dinara"]
[Black "Donchenko, Alexander"]
[Result "0-1"]
[WhiteTitle "WGM"]
[BlackTitle "GM"]
[WhiteElo "2311"]
[BlackElo "2652"]
[WhiteFideId "24157570"]
[BlackFideId "24603295"]
[EventDate "2021.07.26"]

1. d4 Nf6 2. c4 e6 3. Nc3 Bb4 4. Qc2 b6 5. e4 c5 6. d5 Qe7 7. Bd3 exd5 8. cxd5
Nxd5 9. Ne2 Bxc3+ 10. bxc3 Nf6 11. O-O O-O 12. Bg5 h6 13. Bh4 g5 14. Bg3 Nc6 15.
Kh1 d5 16. exd5 Nxd5 17. Rfe1 Be6 18. Bf5 Rfe8 19. Be4 Rad8 20. Rad1 Qf6 21. a3
Na5 22. c4 Ne7 23. Bd3 Nf5 24. Bc7 Rd7 25. Ng3 Nd4 26. Qa4 Nac6 27. Nh5 Qe7 28.
Bg3 Kf8 29. Be4 Bf5 30. f3 Bxe4 31. Rxe4 Qd8 32. Rxe8+ Kxe8 33. Re1+ Re7 34. Be5
f6 35. Bg3 Rxe1+ 36. Bxe1 Qe7 37. Bf2 Kf7 38. Ng3 f5 39. Nxf5 Nxf5 40. Qxc6 Qe2
41. Qd5+ Kf6 42. Bg1 Qe6 43. Qd8+ Kg6 44. Qd3 Kf7 45. Bf2 Ke8 46. Bg3 Qe3 47.
Qb1 Kd8 48. Bb8 Qxa3 49. h3 Ne7 50. Qe4 Qa4 51. Kh2 Qc6 52. Qe5 a5 53. Bd6 Nf5
54. Bb8 Kc8 55. Qh8+ Kb7 56. Be5 Ka6 57. Qf8 Ne3 58. Qf7 a4 59. Bb8 Ka5 60. Bg3
Nf1+ 0-1

[Event "54th Biel Master Open"]
[Site "Biel SUI"]
[Date "2021.07.29"]
[Round "4.27"]
[White "Kornitzky, Tino"]
[Black "Eric, Jovana"]
[Result "1/2-1/2"]
[BlackTitle "WGM"]
[WhiteElo "2083"]
[BlackElo "2250"]
[WhiteFideId "12970379"]
[BlackFideId "938238"]
[EventDate "2021.07.26"]

1. d4 e6 2. c4 f5 3. g3 Nf6 4. Bg2 Be7 5. Nf3 d5 6. O-O O-O 7. b3 Ne4 8. Ba3
Bxa3 9. Nxa3 Qe7 10. Nc2 b6 11. Ne5 Bb7 12. Ne1 dxc4 13. bxc4 Rd8 14. e3 c5 15.
N1f3 Nc6 16. Nxc6 Bxc6 17. Qc2 Rac8 18. Rac1 Qb7 19. Rfd1 Qa6 20. Qb2 Ba4 21.
Rd3 cxd4 22. Rxd4 Re8 23. Ne5 Nc5 24. h4 Rc7 25. h5 Qc8 26. h6 gxh6 27. Ng4 fxg4
28. Rxg4+ Kf8 29. Qh8+ Ke7 30. Qg7+ Kd8 31. Rd4+ Rd7 32. Qf6+ Re7 33. Qh8+ Re8
34. Qf6+ Re7 1/2-1/2

[Event "54th Biel Master Open"]
[Site "Biel SUI"]
[Date "2021.08.02"]
[Round "7.1"]
[White "Eljanov, Pavel"]
[Black "Karthikeyan, Murali"]
[Result "1/2-1/2"]
[WhiteTitle "GM"]
[BlackTitle "GM"]
[WhiteElo "2671"]
[BlackElo "2606"]
[WhiteFideId "14102951"]
[BlackFideId "5074452"]
[EventDate "2021.07.26"]

1. e4 c5 2. Nf3 d6 3. Bb5+ Nd7 4. d4 Nf6 5. Nc3 cxd4 6. Qxd4 e5 7. Qd3 h6 8. Be3
Be7 9. Bc4 O-O 10. O-O Nb6 11. Bb3 Be6 12. a4 Rc8 13. Nd2 Bxb3 14. cxb3 d5 15.
exd5 Nbxd5 16. Nc4 Bc5 17. Bxc5 Rxc5 18. Rad1 Qb8 19. Rfe1 Nxc3 20. Qxc3 b5 21.
Rxe5 bxc4 22. Rxc5 Ne4 23. Qxc4 Nxc5 24. Qxc5 Qxb3 25. Qd4 Rb8 26. Re1 Qxb2 27.
Qxa7 Qb4 28. Rd1 Qb3 29. Qd4 Rb4 30. Qd8+ Kh7 31. a5 Ra4 32. h3 Rxa5 33. Qd3+ 1/2-1/2

[Event "54th Biel Master Open"]
[Site "Biel SUI"]
[Date "2021.08.02"]
[Round "7.20"]
[White "Seul, Georg"]
[Black "Blagojevic, Tijana"]
[Result "1/2-1/2"]
[WhiteTitle "IM"]
[BlackTitle "WIM"]
[WhiteElo "2372"]
[BlackElo "2222"]
[WhiteFideId "4601653"]
[BlackFideId "16500270"]
[EventDate "2021.07.26"]

1. e4 c5 2. Nf3 d6 3. Bb5+ Nd7 4. c3 Nf6 5. Bd3 e6 6. Bc2 a6 7. d4 b5 8. O-O Bb7
9. Qe2 Be7 10. Rd1 Qc7 11. e5 dxe5 12. dxe5 Nd5 13. a4 g5 14. axb5 g4 15. Ne1
Qxe5 16. Qxg4 h5 17. Qe4 axb5 18. Rxa8+ Bxa8 19. Qxe5 Nxe5 20. Nd2 Rg8 21. Kf1
f6 22. Ndf3 Nc4 23. Bd3 Nd6 24. Be2 Kf7 25. Nh4 Rh8 26. Nd3 c4 27. Nf4 Nxf4 28.
Bxf4 e5 29. Be3 Bc6 30. g3 Be4 31. Ra1 Nf5 32. Nxf5 Bxf5 33. Ra7 Ke6 34. Rb7 Ra8
35. Rxb5 Ra1+ 36. Kg2 Be4+ 37. Bf3 Bxf3+ 38. Kxf3 Rh1 39. Bc5 Bd8 40. Rb8 Ba5
41. Bb6 Bxb6 42. Rxb6+ Kf5 43. Rb4 Rb1 44. h3 Ke6 45. Rxc4 Rxb2 46. Rc6+ Kf5 47.
Ke3 Rc2 48. Rc4 Kg5 49. Rc7 h4 50. Rc4 hxg3 51. fxg3 f5 52. h4+ Kh5 53. Rc8 Kg6
54. Rc6+ Kh5 55. Rc8 Kg6 56. c4 Rc3+ 57. Kf2 Rc2+ 58. Ke3 Rc3+ 59. Kd2 Ra3 60.
Ke2 Ra2+ 61. Ke3 Ra3+ 62. Kf2 Ra2+ 63. Kf3 Ra3+ 64. Kf2 1/2-1/2

[Event "54th Biel Master Open"]
[Site "Biel SUI"]
[Date "2021.08.03"]
[Round "8.12"]
[White "Baenziger, Fabian"]
[Black "Narayanan, S.L."]
[Result "0-1"]
[WhiteTitle "IM"]
[BlackTitle "GM"]
[WhiteElo "2392"]
[BlackElo "2624"]
[WhiteFideId "1330110"]
[BlackFideId "5058422"]
[EventDate "2021.07.26"]

1. d4 Nf6 2. c4 e6 3. Nc3 Bb4 4. e3 O-O 5. Bd3 Re8 6. Ne2 d5 7. O-O Bf8 8. Nf4
b6 9. cxd5 exd5 10. Qb3 Bb7 11. Bd2 Na6 12. Rfe1 c6 13. a3 Nc7 14. Rad1 Rb8 15.
Qc2 c5 16. dxc5 bxc5 17. Na4 c4 18. Ba5 Bd6 19. Bf1 Qd7 20. g3 Bc6 21. Nc3 Bxf4
22. exf4 Rxe1 23. Rxe1 d4 24. Bxc7 Qxc7 25. Nb1 Ba8 26. Bg2 Bxg2 27. Kxg2 d3 28.
Qc3 Qb7+ 29. Kg1 Qxb2 30. Qxc4 d2 31. Nxd2 Qxd2 32. Re7 Rf8 33. Rxa7 h5 34. f5
Ng4 35. Qc5 Re8 0-1

[Event "54th Biel Master Open"]
[Site "Biel SUI"]
[Date "2021.08.03"]
[Round "8.21"]
[White "Sai Agni Jeevitesh, J"]
[Black "Seul, Georg"]
[Result "0-1"]
[WhiteTitle "IM"]
[BlackTitle "IM"]
[WhiteElo "2322"]
[BlackElo "2372"]
[WhiteFideId "5070147"]
[BlackFideId "4601653"]
[EventDate "2021.07.26"]

1. d4 Nf6 2. c4 e6 3. g3 Bb4+ 4. Nd2 d5 5. Bg2 O-O 6. Nf3 b6 7. O-O Bb7 8. a3
Be7 9. cxd5 exd5 10. b4 a5 11. b5 c6 12. Qa4 cxb5 13. Qxb5 Ba6 14. Qb2 Bxe2 15.
Re1 Bd3 16. Ne5 Bf5 17. Ndc4 Ra6 18. Ne3 Be4 19. f3 Bg6 20. Nxg6 hxg6 21. f4 Qd6
22. Qb5 Rd8 23. Bb2 Ra7 24. Rac1 Bf8 25. Re2 a4 26. Rec2 Ra5 27. Qd3 Ra7 28. f5
g5 29. Rb1 Nc6 30. Qb5 Na5 31. Qxa4 Qe7 32. Nf1 Nc4 33. Qb3 Qd7 34. Ra1 Qxf5 35.
Rf2 Qe6 36. Nd2 Nxd2 37. Rxd2 Rc7 38. Rf1 g6 39. Qd3 Re8 40. Rdf2 Bg7 41. Bc1
Ne4 42. Re2 g4 43. Bb2 f5 44. Rc2 Rxc2 45. Qxc2 Rc8 46. Qb3 Kh7 47. Rd1 Qc6 48.
Bxe4 fxe4 49. Rc1 Qe6 50. Rxc8 Qxc8 51. Qxd5 Qc2 52. Qg5 Qd1+ 53. Kg2 Qe2+ 54.
Kg1 Qxb2 55. Qh4+ Kg8 56. Qd8+ Bf8 57. Qd5+ Kh8 58. Qxe4 Bg7 59. Qxg4 Qxd4+ 60.
Qxd4 Bxd4+ 61. Kg2 b5 0-1

[Event "54th Biel Master Open"]
[Site "Biel SUI"]
[Date "2021.08.04"]
[Round "9.2"]
[White "Salem, A.R. Saleh"]
[Black "Eljanov, Pavel"]
[Result "1-0"]
[WhiteTitle "GM"]
[BlackTitle "GM"]
[WhiteElo "2682"]
[BlackElo "2671"]
[WhiteFideId "9301348"]
[BlackFideId "14102951"]
[EventDate "2021.07.26"]

1. d4 Nf6 2. c4 e6 3. Nc3 Bb4 4. a3 Bxc3+ 5. bxc3 d6 6. f3 c5 7. e4 Nc6 8. Be3
Qa5 9. Kf2 O-O 10. Ne2 Qc7 11. g4 b6 12. Ng3 Ba6 13. h4 Na5 14. h5 Bxc4 15. g5
Nd7 16. Bh3 Bb3 17. Qe2 cxd4 18. cxd4 Qc4 19. Rac1 Qxe2+ 20. Nxe2 Bc4 21. Bf4 d5
22. exd5 Bxd5 23. Rc7 Nb8 24. Nc3 Bb3 25. h6 Nbc6 26. d5 exd5 27. hxg7 Kxg7 28.
Bf5 Rh8 29. Nb5 d4 30. Nxd4 Bd5 31. Nxc6 Nxc6 32. Bd2 Kf8 33. Bc3 Rg8 34. Bf6
Nd8 35. Rxh7 1-0

[Event "54th Biel Master Open"]
[Site "Biel SUI"]
[Date "2021.08.04"]
[Round "9.33"]
[White "Pahud, Cedric"]
[Black "Schmid, Christoph"]
[Result "0-1"]
[WhiteElo "2200"]
[BlackElo "2091"]
[WhiteFideId "1306650"]
[BlackFideId "1302353"]
[EventDate "2021.07.26"]

1. e4 e6 2. d4 d5 3. exd5 exd5 4. Nf3 Nc6 5. Bb5 Ne7 6. O-O a6 7. Ba4 g6 8. Bg5
Qd6 9. Re1 b5 10. Bb3 Bg7 11. a4 Rb8 12. axb5 axb5 13. Qe2 Be6 14. Nc3 b4 15.
Nb5 Qd7 16. Bf4 Rc8 17. h3 O-O 18. Ra6 Nb8 19. Ra7 Nbc6 20. Ra6 Nb8 21. Ra7 Nbc6
22. Rxc7 Rxc7 23. Nxc7 Nxd4 24. Nxd4 Bxd4 25. Nxe6 fxe6 26. Bg3 Bxb2 27. Qxe6+
Qxe6 28. Rxe6 Nf5 29. Be5 Bd4 30. Bxd5 Bxe5 31. Rxe5+ Kg7 32. Bb3 Nd4 33. Kf1
Rc8 34. Re4 Nxc2 35. Bxc2 Rxc2 36. Rxb4 h5 37. Rb6 Ra2 38. g3 Rc2 39. Kg2 Rc3
40. Ra6 Rb3 41. g4 hxg4 42. hxg4 Rc3 43. f3 Rb3 44. Kg3 Rb4 45. Kh4 Rf4 46. Kg3
Rb4 47. f4 Rb7 48. Kh4 Rc7 49. Kg5 Rc5+ 50. f5 gxf5 51. Ra7+ Kg8 52. gxf5 Rc6
53. Re7 Kf8 54. Re6 Rxe6 55. fxe6 Ke7 56. Kf5 Ke8 57. Ke4 Ke7 58. Ke5 Ke8 59.
Kf6 Kf8 60. Ke5 Ke7 61. Kd5 Ke8 62. Kd6 Kd8 63. e7+ Ke8 0-1